000 01699nam a2200421 i 4500
999 _c48921
_d48921
001 48921
003 ES-MaCES
005 20170707132253.0
008 170222s2016 sp l o000 | spa d
017 _aM 3082-2002
_bDL
020 _a9788447608515
024 7 _a630-16-373-3
_2NIPO
024 7 _a720-16-244-1
_2NIPO
040 _aES-MaCES
_bspa
_cES-MaCES
110 2 _92978
_aEspaña
_d2006
_tLey de mediación de seguros y reaseguros privados
245 1 0 _aMediación de seguros y reaseguros privados
_b: (actualización noviembre 2016)
250 _a2ª ed
260 _a[Madrid]
_bMinisterio de Hacienda y Administraciones Públicas
260 _bMinisterio de Economía y Competitividad
_b2016
300 _a82 p.
_c17 cm
490 1 _aTextos legales / separata del Boletín Oficial de los Ministerios de Hacienda y Administraciones Públicas y de Economía y Competitividad
_v14-2016
500 _aÍndices
541 _cGratuito
650 4 _aseguros
_928121
650 4 _aseguro privado
_930669
650 4 _amediación
_929897
650 4 _aEspaña
_926964
650 4 _alegislación económica
_927161
650 4 _atexto
_929624
653 1 0 _aLegislación
710 1 _93246
_aEspaña
_bMinisterio de Hacienda y Administraciones Públicas
_eed.
710 1 _aEspaña
_bMinisterio de Economía y Hacienda
_eed.
_93237
775 0 _tMediación de seguros y reaseguros privados
_w(ES-MaCES)19607
830 0 _aTextos legales / separata del Boletín Oficial de los Ministerios de Hacienda y Administraciones Públicas y de Economía y Competitividad
_v14-2016
_934653
902 _aLIB Libro
942 _2CES
_cBK
_h6.1.